Les 25 prénoms de garçons les plus donnés en 2019 - Statistiques

Statistiques générales
  • Ce quiz a été pris 944 fois
  • Le résultat moyen est 7 sur 25
Statistiques - réponses
Prénoms % Correct
Léo
59%
Louis
57%
Lucas
48%
Jules
42%
Théo
42%
Paul
40%
Gabriel
39%
Thomas
31%
Hugo
30%
Raphaël
27%
Tom
27%
Mathis
25%
Antoine
23%
Mathéo
23%
Nathan
23%
Arthur
22%
Ethan
18%
Maël
15%
Gabin
13%
Timéo
13%
Baptiste
11%
Sacha
11%
Valentin
8%
Samuel
7%
Tiago
5%
Aucun quiz correspondant
Distribution des résultats
% des personnes avec chaque résultat
Percentile par nombre de réponses
Votre historique - résultats
Vous n’avez pas pris ce quiz